Pokémon Mega Quiz - Statistics

General Stats
  • This quiz has been taken 46 times
  • The average score is 134 of 2265
Answer Stats
Move/Pokémon/Ability Answer % Correct
Pokémon Charizard
60%
Move Lick
60%
Pokémon Raichu
60%
Pokémon Venusaur
60%
Pokémon Absol
40%
Pokémon Alakazam
40%
Pokémon Arbok
40%
Pokémon Beedrill
40%
Pokémon Blastoise
40%
Move Bubble
40%
Pokémon Bulbasaur
40%
Pokémon Butterfree
40%
Pokémon Caterpie
40%
Move Charm
40%
Pokémon Charmander
40%
Pokémon Charmeleon
40%
Pokémon Chesnaught
40%
Pokémon Clefable
40%
Pokémon Clefairy
40%
Pokémon Cleffa
40%
Pokémon Delphox
40%
Pokémon Diancie
40%
Move Double Team
40%
Pokémon Ekans
40%
Pokémon Floette
40%
Move Fly
40%
Move Gigavolt Havoc
40%
Pokémon Greninja
40%
Move Headbutt
40%
Pokémon Houndoom
40%
Pokémon Ivysaur
40%
Pokémon Jigglypuff
40%
Pokémon Kakuna
40%
Pokémon Kyogre
40%
Pokémon Malamar
40%
Move Mega Punch
40%
Pokémon Meowth
40%
Pokémon Metapod
40%
Pokémon Mew
40%
Pokémon Mewtwo
40%
Pokémon Nidoking
40%
Pokémon Nidoqueen
40%
Pokémon Nidoran
40%
Pokémon Nidorina
40%
Pokémon Nidorino
40%
Pokémon Persian
40%
Pokémon Pidgeot
40%
Pokémon Pidgeotto
40%
Pokémon Pidgey
40%
Pokémon Pikachu
40%
Pokémon Raticate
40%
Pokémon Rattata
40%
Pokémon Rayquaza
40%
Move Razor Leaf
40%
Pokémon Sandshrew
40%
Pokémon Sandslash
40%
Pokémon Scizor
40%
Move Sheer Cold
40%
Move Skull Bash
40%
Pokémon Slowbro
40%
Pokémon Squirtle
40%
Move Stomp
40%
Move Swords Dance
40%
Move Tackle
40%
Move Thunder
40%
Move Thunderbolt
40%
Move Thunder Shock
40%
Move Thunder Wave
40%
Pokémon Venomoth
40%
Pokémon Venonat
40%
Pokémon Victreebel
40%
Pokémon Wartortle
40%
Pokémon Weedle
40%
Pokémon Wigglytuff
40%
Pokémon Abomasnow
20%
Pokémon Abra
20%
Move Absorb
20%
Pokémon Accelgor
20%
Move Acid
20%
Move Acid Armor
20%
Move Acid Downpour
20%
Move Acid Spray
20%
Move Acrobatics
20%
Move Acupressure
20%
Pokémon Aegislash
20%
Move Aerial Ace
20%
Pokémon Aerodactyl
20%
Move After You
20%
Pokémon Aggron
20%
Pokémon Aipom
20%
Move Air Cutter
20%
Ability Air Lock
20%
Move Air Slash
20%
Pokémon Alcremie
20%
Move Alluring Voice
20%
Pokémon Amaura
20%
Pokémon Ambipom
20%
Move Ancient Power
20%
Pokémon Annihilape
20%
Pokémon Arcanine
20%
Pokémon Arceus
20%
Pokémon Archen
20%
Pokémon Archeops
20%
Move Aromatherapy
20%
Pokémon Aromatisse
20%
Pokémon Aron
20%
Pokémon Articuno
20%
Move Assist
20%
Move Attract
20%
Move Aurora Beam
20%
Move Aurora Veil
20%
Pokémon Aurorus
20%
Pokémon Barbaracle
20%
Move Barrier
20%
Pokémon Bastiodon
20%
Pokémon Baxcalibur
20%
Pokémon Bellsprout
20%
Move Bite
20%
Ability Blaze
20%
Move Blazing Torque
20%
Pokémon Blitzle
20%
Move Blue Flare
20%
Move Body Slam
20%
Pokémon Boldore
20%
Move Bolt Strike
20%
Move Boomburst
20%
Pokémon Bouffalant
20%
Move Bounce
20%
Pokémon Braixen
20%
Pokémon Brionne
20%
Pokémon Bronzong
20%
Pokémon Bronzor
20%
Move Bubble Beam
20%
Move Bulldoze
20%
Ability Bulletproof
20%
Pokémon Buneary
20%
Pokémon Buzzwole
20%
Pokémon Cacnea
20%
Pokémon Cacturne
20%
Pokémon Camerupt
20%
Move Captivate
20%
Pokémon Carbink
20%
Pokémon Carracosta
20%
Pokémon Celebi
20%
Pokémon Cherrim
20%
Pokémon Chespin
20%
Ability Clear Body
20%
Move Close Combat
20%
Ability Cloud Nine
20%
Move Conversion
20%
Move Conversion 2
20%
Pokémon Copperajah
20%
Move Copycat
20%
Pokémon Cosmoem
20%
Pokémon Cosmog
20%
Pokémon Cottonee
20%
Move Cotton Guard
20%
Move Cotton Spore
20%
Move Covet
20%
Pokémon Crobat
20%
Pokémon Cufant
20%
Move Cut
20%
Pokémon Dedenne
20%
Move Defog
20%
Pokémon Deino
20%
Move Detect
20%
Pokémon Dialga
20%
Move Dig
20%
Pokémon Diglett
20%
Move Disarming Voice
20%
Pokémon Dodrio
20%
Pokémon Doduo
20%
Pokémon Donphan
20%
Pokémon Doublade
20%
Move Double-Edge
20%
Move Double Hit
20%
Move Double Iron Bash
20%
Move Double Shock
20%
Move Double Slap
20%
Pokémon Dragalge
20%
Move Dragon Dance
20%
Move Drain Punch
20%
Ability Drizzle
20%
Ability Drought
20%
Pokémon Dugtrio
20%
Move Earthquake
20%
Move Echoed Voice
20%
Move Eerie Spell
20%
Pokémon Eevee
20%
Pokémon Electrode
20%
Move Ember
20%
Pokémon Emboar
20%
Pokémon Emolga
20%
Move Encore
20%
Move Endure
20%
Pokémon Entei
20%
Pokémon Escavalier
20%
Pokémon Espeon
20%
Pokémon Espurr
20%
Pokémon Exeggcute
20%
Pokémon Exeggutor
20%
Move Facade
20%
Move False Swipe
20%
Pokémon Fearow
20%
Move Feint
20%
Move Feint Attack
20%
Pokémon Fennekin
20%
Pokémon Feraligatr
20%
Pokémon Ferroseed
20%
Pokémon Ferrothorn
20%
Move Fiery Dance
20%
Move Fiery Wrath
20%
Move Fire Fang
20%
Move Fire Pledge
20%
Move Fire Punch
20%
Move Fissure
20%
Pokémon Flabébé
20%
Move Flame Charge
20%
Move Flamethrower
20%
Pokémon Flareon
20%
Pokémon Fletchinder
20%
Pokémon Fletchling
20%
Pokémon Florges
20%
Move Focus Blast
20%
Move Focus Energy
20%
Move Focus Punch
20%
Move Follow Me
20%
Move Foresight
20%
Move Forest's Curse
20%
Move Freeze-Dry
20%
Move Freeze Shock
20%
Pokémon Froakie
20%
Pokémon Frogadier
20%
Ability Full Metal Body
20%
Pokémon Furret
20%
Move Fury Attack
20%
Move Fury Cutter
20%
Move Fusion Bolt
20%
Move Fusion Flare
20%
Pokémon Garbodor
20%
Pokémon Garchomp
20%
Pokémon Gastly
20%
Pokémon Gengar
20%
Pokémon Geodude
20%
Pokémon Gholdengo
20%
Move Giga Drain
20%
Move Giga Impact
20%
Pokémon Gigalith
20%
Move Gigaton Hammer
20%
Pokémon Gimmighoul
20%
Pokémon Glaceon
20%
Move Glaciate
20%
Pokémon Gloom
20%
Move G-Max Volt Crash
20%
Pokémon Golbat
20%
Pokémon Goldeen
20%
Pokémon Golduck
20%
Pokémon Golem
20%
Move Grass Pledge
20%
Move Grassy Glide
20%
Pokémon Graveler
20%
Pokémon Great Tusk
20%
Pokémon Grimer
20%
Pokémon Groudon
20%
Move Growl
20%
Pokémon Growlithe
20%
Move Guillotine
20%
Move Gust
20%
Pokémon Guzzlord
20%
Pokémon Gyarados
20%
Move Hail
20%
Pokémon Haunter
20%
Pokémon Hawlucha
20%
Move Haze
20%
Move Head Charge
20%
Move Heart Stamp
20%
Move Heart Swap
20%
Move Heat Crash
20%
Move Heat Wave
20%
Move Heavy Slam
20%
Move Hidden Power
20%
Move High Horsepower
20%
Pokémon Hitmonchan
20%
Pokémon Hitmonlee
20%
Pokémon Hitmontop
20%
Move Hold Hands
20%
Pokémon Honchkrow
20%
Pokémon Honedge
20%
Pokémon Ho-Oh
20%
Pokémon Hoopa
20%
Move Horn Attack
20%
Move Horn Drill
20%
Pokémon Horsea
20%
Pokémon Houndour
20%
Pokémon Hydreigon
20%
Move Hyper Beam
20%
Move Hyper Fang
20%
Move Hyper Voice
20%
Move Ice Beam
20%
Move Ice Burn
20%
Move Ice Fang
20%
Move Ice Spinner
20%
Pokémon Igglybuff
20%
Move Incinerate
20%
Pokémon Incineroar
20%
Move Inferno
20%
Move Inferno Overdrive
20%
Pokémon Inkay
20%
Move Instruct
20%
Move Iron Defense
20%
Move Iron Head
20%
Move Iron Tail
20%
Pokémon Iron Treads
20%
Pokémon Jolteon
20%
Move Judgment
20%
Pokémon Kabuto
20%
Pokémon Kabutops
20%
Pokémon Kadabra
20%
Pokémon Kangaskhan
20%
Pokémon Karrablast
20%
Pokémon Kartana
20%
Pokémon Kingdra
20%
Pokémon Klefki
20%
Pokémon Koffing
20%
Pokémon Kyurem
20%
Pokémon Lairon
20%
Pokémon Lapras
20%
Pokémon Larvesta
20%
Pokémon Latias
20%
Pokémon Latios
20%
Move Leafage
20%
Pokémon Leafeon
20%
Move Leaf Storm
20%
Move Leaf Tornado
20%
Pokémon Leavanny
20%
Move Leech Life
20%
Move Leech Seed
20%
Move Leer
20%
Ability Levitate
20%
Pokémon Lilligant
20%
Pokémon Linoone
20%
Pokémon Litten
20%
Pokémon Lombre
20%
Pokémon Lopunny
20%
Pokémon Lotad
20%
Pokémon Lucario
20%
Pokémon Ludicolo
20%
Pokémon Lugia
20%
Pokémon Lunala
20%
Pokémon Lunatone
20%
Pokémon Lycanroc
20%
Move Mach Punch
20%
Pokémon Magcargo
20%
Pokémon Magearna
20%
Pokémon Magikarp
20%
Pokémon Magnemite
20%
Pokémon Magneton
20%
Pokémon Magnezone
20%
Pokémon Mankey
20%
Pokémon Maractus
20%
Pokémon Mawile
20%
Move Max Flare
20%
Move Me First
20%
Move Mega Drain
20%
Move Mega Kick
20%
Pokémon Meganium
20%
Pokémon Meowstic
20%
Pokémon Milcery
20%
Pokémon Miltank
20%
Move Mimic
20%
Pokémon Mimikyu
20%
Pokémon Minior
20%
Pokémon Misdreavus
20%
Pokémon Mismagius
20%
Move Mist
20%
Pokémon Moltres
20%
Pokémon Morpeko
20%
Pokémon Mudbray
20%
Pokémon Mudsdale
20%
Pokémon Muk
20%
Ability Mummy
20%
Pokémon Murkrow
20%
Move Night Slash
20%
Pokémon Nihilego
20%
Pokémon Ninetales
20%
Move Noble Roar
20%
Ability No Guard
20%
Pokémon Nuzleaf
20%
Move Nuzzle
20%
Pokémon Obstagoon
20%
Pokémon Oddish
20%
Move Odor Sleuth
20%
Pokémon Omanyte
20%
Pokémon Omastar
20%
Pokémon Oranguru
20%
Move Overdrive
20%
Ability Overgrow
20%
Pokémon Pachirisu
20%
Pokémon Palkia
20%
Pokémon Panpour
20%
Pokémon Pansage
20%
Pokémon Pansear
20%
Pokémon Paras
20%
Pokémon Parasect
20%
Pokémon Passimian
20%
Move Perish Song
20%
Pokémon Petilil
20%
Pokémon Phanpy
20%
Pokémon Pheromosa
20%
Pokémon Pichu
20%
Move Poison Powder
20%
Move Poison Sting
20%
Pokémon Politoed
20%
Pokémon Poliwag
20%
Pokémon Poliwhirl
20%
Pokémon Poliwrath
20%
Pokémon Ponyta
20%
Pokémon Popplio
20%
Move Powder
20%
Move Power Gem
20%
Ability Power of Alchemy
20%
Ability Pressure
20%
Pokémon Primarina
20%
Pokémon Primeape
20%
Move Protect
20%
Move Psychic
20%
Pokémon Psyduck
20%
Ability Quick Draw
20%
Pokémon Quilladin
20%
Move Quiver Dance
20%
Move Rage
20%
Move Rage Fist
20%
Move Rage Powder
20%
Pokémon Raging Bolt
20%
Move Raging Bull
20%
Pokémon Raikou
20%
Move Rain Dance
20%
Pokémon Rapidash
20%
Move Rapid Spin
20%
Move Razor Shell
20%
Move Razor Wind
20%
Ability Receiver
20%
Move Relic Song
20%
Pokémon Reshiram
20%
Pokémon Revavroom
20%
Move Roar
20%
Move Rock Climb
20%
Ability Rock Head
20%
Move Rock Polish
20%
Pokémon Rockruff
20%
Move Rock Slide
20%
Move Rock Smash
20%
Move Rock Throw
20%
Move Rock Tomb
20%
Move Rock Wrecker
20%
Pokémon Roggenrola
20%
Move Role Play
20%
Move Round
20%
Pokémon Sableye
20%
Move Sacred Sword
20%
Ability Sand Rush
20%
Move Sandstorm
20%
Ability Sand Veil
20%
Pokémon Sceptile
20%
Move Scratch
20%
Move Screech
20%
Pokémon Seadra
20%
Pokémon Seaking
20%
Move Secret Power
20%
Move Secret Sword
20%
Pokémon Seedot
20%
Pokémon Sentret
20%
Pokémon Serperior
20%
Pokémon Servine
20%
Pokémon Sewaddle
20%
Ability Shadow Shield
20%
Pokémon Sharpedo
20%
Move Shell Side Arm
20%
Move Shell Smash
20%
Pokémon Shelmet
20%
Pokémon Shieldon
20%
Ability Shields Down
20%
Pokémon Shiftry
20%
Pokémon Simipour
20%
Pokémon Simisage
20%
Pokémon Simisear
20%
Move Sing
20%
Pokémon Skarmory
20%
Move Slam
20%
Move Slash
20%
Pokémon Slowking
20%
Pokémon Slowpoke
20%
Pokémon Slugma
20%
Pokémon Slurpuff
20%
Move Smart Strike
20%
Move Smog
20%
Move Snarl
20%
Pokémon Snivy
20%
Pokémon Snover
20%
Ability Snow Cloak
20%
Move Snowscape
20%
Move Solar Beam
20%
Pokémon Solgaleo
20%
Pokémon Solrock
20%
Ability Soundproof
20%
Pokémon Spearow
20%
Move Spiky Shield
20%
Pokémon Spiritomb
20%
Move Splash
20%
Move Spore
20%
Pokémon Spritzee
20%
Pokémon Steelix
20%
Ability Stench
20%
Move Stone Edge
20%
Move Strength
20%
Move String Shot
20%
Move Stun Spore
20%
Ability Sturdy
20%
Pokémon Suicune
20%
Move Sunny Day
20%
Move Super Fang
20%
Move Superpower
20%
Move Surf
20%
Pokémon Swadloon
20%
Pokémon Swampert
20%
Ability Swarm
20%
Move Swift
20%
Pokémon Swirlix
20%
Pokémon Sylveon
20%
Pokémon Talonflame
20%
Pokémon Tauros
20%
Move Tera Blast
20%
Ability Teraform Zero
20%
Move Tera Starstorm
20%
Ability Teravolt
20%
Move Terrain Pulse
20%
Move Thief
20%
Move Thunder Cage
20%
Move Thunderclap
20%
Move Thunder Fang
20%
Pokémon Tirtouga
20%
Pokémon Togedemaru
20%
Move Torch Song
20%
Pokémon Torracat
20%
Ability Torrent
20%
Move Toxic
20%
Move Toxic Thread
20%
Move Trick
20%
Move Trick-or-Treat
20%
Pokémon Trubbish
20%
Ability Turboblaze
20%
Pokémon Tyranitar
20%
Pokémon Tyrantrum
20%
Pokémon Tyrogue
20%
Pokémon Tyrunt
20%
Pokémon Umbreon
20%
Move Vacuum Wave
20%
Pokémon Vaporeon
20%
Pokémon Varoom
20%
Pokémon Vileplume
20%
Move Vine Whip
20%
Pokémon Volcanion
20%
Pokémon Volcarona
20%
Pokémon Voltorb
20%
Pokémon Vulpix
20%
Pokémon Walking Wake
20%
Move Water Gun
20%
Move Water Pledge
20%
Move Weather Ball
20%
Pokémon Weepinbell
20%
Pokémon Weezing
20%
Ability Well-Baked Body
20%
Pokémon Whimsicott
20%
Move Will-O-Wisp
20%
Ability Wonder Guard
20%
Move Worry Seed
20%
Pokémon Xerneas
20%
Pokémon Yveltal
20%
Pokémon Zacian
20%
Pokémon Zamazenta
20%
Pokémon Zapdos
20%
Pokémon Zebstrika
20%
Pokémon Zekrom
20%
Pokémon Zeraora
20%
Pokémon Zigzagoon
20%
Pokémon Zubat
20%
Pokémon Zweilous
20%
Pokémon Zygarde
20%
Move 10,000,000 Volt Thunderbolt
0%
Move Accelerock
0%
Ability Adaptability
0%
Ability Aerilate
0%
Move Aeroblast
0%
Ability Aftermath
0%
Move Agility
0%
Move All-Out Pummeling
0%
Move Ally Switch
0%
Pokémon Alomomola
0%
Pokémon Altaria
0%
Move Amnesia
0%
Pokémon Amoonguss
0%
Pokémon Ampharos
0%
Ability Analytic
0%
Move Anchor Shot
0%
Ability Anger Point
0%
Ability Anger Shell
0%
Pokémon Anorith
0%
Ability Anticipation
0%
Move Apple Acid
0%
Pokémon Appletun
0%
Pokémon Applin
0%
Move Aqua Cutter
0%
Move Aqua Jet
0%
Move Aqua Ring
0%
Move Aqua Step
0%
Move Aqua Tail
0%
Pokémon Araquanid
0%
Pokémon Arboliva
0%
Pokémon Archaludon
0%
Pokémon Arctibax
0%
Pokémon Arctovish
0%
Pokémon Arctozolt
0%
Ability Arena Trap
0%
Pokémon Ariados
0%
Pokémon Armaldo
0%
Pokémon Armarouge
0%
Move Armor Cannon
0%
Ability Armor Tail
0%
Move Arm Thrust
0%
Move Aromatic Mist
0%
Ability Aroma Veil
0%
Pokémon Arrokuda
0%
Ability As One
0%
Move Assurance
0%
Move Astonish
0%
Move Astral Barrage
0%
Move Attack Order
0%
Pokémon Audino
0%
Ability Aura Break
0%
Move Aura Sphere
0%
Move Aura Wheel
0%
Move Autotomize
0%
Move Avalanche
0%
Pokémon Avalugg
0%
Move Axe Kick
0%
Pokémon Axew
0%
Pokémon Azelf
0%
Pokémon Azumarill
0%
Pokémon Azurill
0%
Move Baby-Doll Eyes
0%
Ability Bad Dreams
0%
Move Baddy Bad
0%
Pokémon Bagon
0%
Ability Ball Fetch
0%
Pokémon Baltoy
0%
Move Baneful Bunker
0%
Pokémon Banette
0%
Move Barb Barrage
0%
Pokémon Barboach
0%
Move Barrage
0%
Pokémon Barraskewda
0%
Pokémon Basculegion
0%
Pokémon Basculin
0%
Move Baton Pass
0%
Ability Battery
0%
Ability Battle Armor
0%
Ability Battle Bond
0%
Pokémon Bayleef
0%
Ability Beads of Ruin
0%
Move Beak Blast
0%
Pokémon Beartic
0%
Ability Beast Boost
0%
Move Beat Up
0%
Pokémon Beautifly
0%
Pokémon Beheeyem
0%
Move Behemoth Bash
0%
Move Behemoth Blade
0%
Move Belch
0%
Pokémon Beldum
0%
Pokémon Bellibolt
0%
Pokémon Bellossom
0%
Move Belly Drum
0%
Pokémon Bergmite
0%
Ability Berserk
0%
Move Bestow
0%
Pokémon Bewear
0%
Pokémon Bibarel
0%
Move Bide
0%
Pokémon Bidoof
0%
Ability Big Pecks
0%
Pokémon Binacle
0%
Move Bind
0%
Pokémon Bisharp
0%
Move Bitter Blade
0%
Move Bitter Malice
0%
Pokémon Blacephalon
0%
Move Black Hole Eclipse
0%
Move Blast Burn
0%
Move Blaze Kick
0%
Pokémon Blaziken
0%
Move Bleakwind Storm
0%
Pokémon Blipbug
0%
Pokémon Blissey
0%
Move Blizzard
0%
Move Block
0%
Move Blood Moon
0%
Move Bloom Doom
0%
Move Body Press
0%
Move Bolt Beak
0%
Pokémon Boltund
0%
Pokémon Bombirdier
0%
Move Bone Club
0%
Move Bonemerang
0%
Move Bone Rush
0%
Pokémon Bonsly
0%
Move Bouncy Bubble
0%
Pokémon Bounsweet
0%
Pokémon Brambleghast
0%
Pokémon Bramblin
0%
Move Branch Poke
0%
Move Brave Bird
0%
Pokémon Braviary
0%
Move Breaking Swipe
0%
Move Breakneck Blitz
0%
Pokémon Breloom
0%
Move Brick Break
0%
Move Brine
0%
Move Brutal Swing
0%
Pokémon Brute Bonnet
0%
Pokémon Bruxish
0%
Pokémon Budew
0%
Move Bug Bite
0%
Move Bug Buzz
0%
Pokémon Buizel
0%
Move Bulk Up
0%
Move Bullet Punch
0%
Move Bullet Seed
0%
Pokémon Bunnelby
0%
Pokémon Burmy
0%
Move Burning Bulwark
0%
Move Burning Jealousy
0%
Move Burn up
0%
Move Buzzy Buzz
0%
Move Calm Mind
0%
Pokémon Calyrex
0%
Move Camouflage
0%
Pokémon Capsakid
0%
Pokémon Carkol
0%
Pokémon Carnivine
0%
Pokémon Carvanha
0%
Pokémon Cascoon
0%
Pokémon Castform
0%
Move Catastropika
0%
Move Ceaseless Edge
0%
Move Celebrate
0%
Pokémon Celesteela
0%
Pokémon Centiskorch
0%
Pokémon Ceruledge
0%
Pokémon Cetitan
0%
Pokémon Cetoddle
0%
Pokémon Chandelure
0%
Pokémon Chansey
0%
Pokémon Charcadet
0%
Move Charge
0%
Move Charge Beam
0%
Pokémon Charjabug
0%
Pokémon Chatot
0%
Move Chatter
0%
Ability Cheek Pouch
0%
Pokémon Cherubi
0%
Pokémon Chewtle
0%
Pokémon Chien-Pao
0%
Pokémon Chikorita
0%
Ability Chilling Neigh
0%
Move Chilling Water
0%
Move Chilly Reception
0%
Pokémon Chimchar
0%
Pokémon Chimecho
0%
Pokémon Chinchou
0%
Pokémon Chingling
0%
Move Chip Away
0%
Pokémon Chi-Yu
0%
Move Chloroblast
0%
Ability Chlorophyll
0%
Pokémon Cinccino
0%
Pokémon Cinderace
0%
Move Circle Throw
0%
Move Clamp
0%
Pokémon Clamperl
0%
Move Clanging Scales
0%
Move Clangorous Soul
0%
Move Clangorous Soulblaze
0%
Pokémon Clauncher
0%
Pokémon Clawitzer
0%
Pokémon Claydol
0%
Move Clear Smog
0%
Pokémon Clobbopus
0%
Pokémon Clodsire
0%
Pokémon Cloyster
0%
Move Coaching
0%
Pokémon Coalossal
0%
Pokémon Cobalion
0%
Pokémon Cofagrigus
0%
Move Coil
0%
Move Collision Course
0%
Ability Color Change
0%
Ability Comatose
0%
Move Combat Torque
0%
Pokémon Combee
0%
Pokémon Combusken
0%
Move Comet Punch
0%
Move Comeuppance
0%
Pokémon Comfey
0%
Ability Commander
0%
Ability Competitive
0%
Ability Compound Eyes
0%
Move Confide
0%
Move Confuse Ray
0%
Move Confusion
0%
Pokémon Conkeldurr
0%
Move Constrict
0%
Move Continental Crush
0%
Ability Contrary
0%
Move Core Enforcer
0%
Move Corkscrew Crash
0%
Pokémon Corphish
0%
Ability Corrosion
0%
Move Corrosive Gas
0%
Pokémon Corsola
0%
Pokémon Corviknight
0%
Pokémon Corvisquire
0%
Move Cosmic Power
0%
Ability Costar
0%
Ability Cotton Down
0%
Move Counter
0%
Move Court Change
0%
Move Crabhammer
0%
Pokémon Crabominable
0%
Pokémon Crabrawler
0%
Pokémon Cradily
0%
Move Crafty Shield
0%
Pokémon Cramorant
0%
Pokémon Cranidos
0%
Pokémon Crawdaunt
0%
Pokémon Cresselia
0%
Pokémon Croagunk
0%
Pokémon Crocalor
0%
Pokémon Croconaw
0%
Move Cross Chop
0%
Move Cross Poison
0%
Move Crunch
0%
Move Crush Claw
0%
Move Crush Grip
0%
Pokémon Crustle
0%
Pokémon Cryogonal
0%
Pokémon Cubchoo
0%
Pokémon Cubone
0%
Ability Cud Chew
0%
Ability Curious Medicine
0%
Move Curse
0%
Ability Cursed Body
0%
Pokémon Cursola
0%
Ability Cute Charm
0%
Pokémon Cutiefly
0%
Pokémon Cyclizar
0%
Pokémon Cyndaquil
0%
Pokémon Dachsbun
0%
Ability Damp
0%
Ability Dancer
0%
Ability Dark Aura
0%
Move Darkest Lariat
0%
Move Dark Pulse
0%
Pokémon Darkrai
0%
Move Dark Void
0%
Pokémon Darmanitan
0%
Pokémon Dartrix
0%
Pokémon Darumaka
0%
Ability Dauntless Shield
0%
Ability Dazzling
0%
Move Dazzling Gleam
0%
Pokémon Decidueye
0%
Move Decorate
0%
Pokémon Deerling
0%
Ability Defeatist
0%
Move Defend Order
0%
Move Defense Curl
0%
Ability Defiant
0%
Pokémon Delcatty
0%
Pokémon Delibird
0%
Ability Delta Stream
0%
Pokémon Deoxys
0%
Ability Desolate Land
0%
Move Destiny Bond
0%
Move Devastating Drake
0%
Pokémon Dewgong
0%
Pokémon Dewott
0%
Pokémon Dewpider
0%
Pokémon Dhelmise
0%
Move Diamond Storm
0%
Pokémon Diggersby
0%
Pokémon Dipplin
0%
Move Dire Claw
0%
Move Disable
0%
Move Discharge
0%
Ability Disguise
0%
Pokémon Ditto
0%
Move Dive
0%
Move Dizzy Punch
0%
Pokémon Dolliv
0%
Pokémon Dondozo
0%
Move Doodle
0%
Move Doom Desire
0%
Pokémon Dottler
0%
Move Double Kick
0%
Ability Download
0%
Move Draco Meteor
0%
Pokémon Dracovish
0%
Pokémon Dracozolt
0%
Pokémon Dragapult
0%
Pokémon Dragonair
0%
Move Dragon Ascent
0%
Move Dragon Breath
0%
Move Dragon Cheer
0%
Move Dragon Claw
0%
Move Dragon Darts
0%
Move Dragon Energy
0%
Move Dragon Hammer
0%
Pokémon Dragonite
0%
Move Dragon Pulse
0%
Move Dragon Rage
0%
Move Dragon Rush
0%
Ability Dragon's Maw
0%
Move Dragon Tail
0%
Move Draining Kiss
0%
Pokémon Drakloak
0%
Pokémon Drampa
0%
Pokémon Drapion
0%
Pokémon Dratini
0%
Move Dream Eater
0%
Pokémon Drednaw
0%
Pokémon Dreepy
0%
Pokémon Drifblim
0%
Pokémon Drifloon
0%
Pokémon Drilbur
0%
Move Drill Peck
0%
Move Drill Run
0%
Pokémon Drizzile
0%
Pokémon Drowzee
0%
Pokémon Druddigon
0%
Move Drum Beating
0%
Ability Dry Skin
0%
Move Dual Chop
0%
Move Dual Wingbeat
0%
Pokémon Dubwool
0%
Pokémon Ducklett
0%
Pokémon Dudunsparce
0%
Pokémon Dunsparce
0%
Pokémon Duosion
0%
Pokémon Duraludon
0%
Pokémon Durant
0%
Pokémon Dusclops
0%
Pokémon Dusknoir
0%
Pokémon Duskull
0%
Pokémon Dustox
0%
Pokémon Dwebble
0%
Move Dynamax Cannon
0%
Move Dynamic Punch
0%
Ability Early Bird
0%
Ability Earth Eater
0%
Move Earth Power
0%
Pokémon Eelektrik
0%
Pokémon Eelektross
0%
Move Eerie Impulse
0%
Ability Effect Spore
0%
Move Egg Bomb
0%
Pokémon Eiscue
0%
Pokémon Eldegoss
0%
Pokémon Electabuzz
0%
Pokémon Electivire
0%
Ability Electric Surge
0%
Move Electric Terrain
0%
Move Electrify
0%
Pokémon Electrike
0%
Move Electro Ball
0%
Move Electro Drift
0%
Ability Electromorphosis
0%
Move Electro Shot
0%
Move Electroweb
0%
Pokémon Elekid
0%
Pokémon Elgyem
0%
Move Embargo
0%
Ability Embody Aspect
0%
Ability Emergency Exit
0%
Pokémon Empoleon
0%
Pokémon Enamorus
0%
Move Endeavor
0%
Move Energy Ball
0%
Move Entrainment
0%
Move Eruption
0%
Pokémon Espathra
0%
Move Esper Wing
0%
Move Eternabeam
0%
Pokémon Eternatus
0%
Pokémon Excadrill
0%
Move Expanding Force
0%
Move Explosion
0%
Pokémon Exploud
0%
Move Extrasensory
0%
Move Extreme Evoboost
0%
Move Extreme Speed
0%
Ability Fairy Aura
0%
Move Fairy Lock
0%
Move Fairy Wind
0%
Move Fake Out
0%
Move Fake Tears
0%
Pokémon Falinks
0%
Move False Surrender
0%
Pokémon Farfetch'd
0%
Pokémon Farigiraf
0%
Move Feather Dance
0%
Pokémon Feebas
0%
Move Fell Stinger
0%
Pokémon Fezandipiti
0%
Move Fickle Beam
0%
Pokémon Fidough
0%
Move Fillet Away
0%
Ability Filter
0%
Move Final Gambit
0%
Pokémon Finizen
0%
Pokémon Finneon
0%
Move Fire Blast
0%
Move Fire Lash
0%
Move Fire Spin
0%
Move First Impression
0%
Move Fishious Rend
0%
Pokémon Flaaffy
0%
Move Flail
0%
Ability Flame Body
0%
Move Flame Burst
0%
Move Flame Wheel
0%
Pokémon Flamigo
0%
Pokémon Flapple
0%
Move Flare Blitz
0%
Ability Flare Boost
0%
Move Flash
0%
Move Flash Cannon
0%
Ability Flash Fire
0%
Move Flatter
0%
Move Fleur Cannon
0%
Move Fling
0%
Move Flip Turn
0%
Pokémon Flittle
0%
Move Floaty Fall
0%
Pokémon Floatzel
0%
Pokémon Floragato
0%
Move Floral Healing
0%
Ability Flower Gift
0%
Move Flower Shield
0%
Move Flower Trick
0%
Ability Flower Veil
0%
Ability Fluffy
0%
Pokémon Flutter Mane
0%
Pokémon Flygon
0%
Move Flying Press
0%
Pokémon Fomantis
0%
Pokémon Foongus
0%
Move Force Palm
0%
Ability Forecast
0%
Ability Forewarn
0%
Pokémon Forretress
0%
Move Foul Play
0%
Pokémon Fraxure
0%
Move Freezing Glare
0%
Move Freezy Frost
0%
Move Frenzy Plant
0%
Ability Friend Guard
0%
Pokémon Frigibax
0%
Pokémon Frillish
0%
Ability Frisk
0%
Pokémon Froslass
0%
Pokémon Frosmoth
0%
Move Frost Breath
0%
Move Frustration
0%
Pokémon Fuecoco
0%
Ability Fur Coat
0%
Pokémon Furfrou
0%
Move Fury Swipes
0%
Move Future Sight
0%
Pokémon Gabite
0%
Ability Gale Wings
0%
Pokémon Gallade
0%
Ability Galvanize
0%
Pokémon Galvantula
0%
Pokémon Gardevoir
0%
Pokémon Garganacl
0%
Move Gastro Acid
0%
Pokémon Gastrodon
0%
Move Gear Grind
0%
Move Gear Up
0%
Pokémon Genesect
0%
Move Genesis Supernova
0%
Move Geomancy
0%
Pokémon Gible
0%
Pokémon Girafarig
0%
Pokémon Giratina
0%
Move Glacial Lance
0%
Move Glaive Rush
0%
Pokémon Glalie
0%
Pokémon Glameow
0%
Move Glare
0%
Pokémon Glastrier
0%
Pokémon Gligar
0%
Pokémon Glimmet
0%
Pokémon Glimmora
0%
Pokémon Gliscor
0%
Move Glitzy Glow
0%
Ability Gluttony
0%
Move G-Max Befuddle
0%
Move G-Max Cannonade
0%
Move G-Max Centiferno
0%
Move G-Max Chi Strike
0%
Move G-Max Cuddle
0%
Move G-Max Depletion
0%
Move G-Max Drum Solo
0%
Move G-Max Finale
0%
Move G-Max Fireball
0%
Move G-Max Foam Burst
0%
Move G-Max Gold Rush
0%
Move G-Max Gravitas
0%
Move G-Max Hydrosnipe
0%
Move G-Max Malodor
0%
Move G-Max Meltdown
0%
Move G-Max One Blow
0%
Move G-Max Rapid Flow
0%
Move G-Max Replenish
0%
Move G-Max Resonance
0%
Move G-Max Sandblast
0%
Move G-Max Smite
0%
Move G-Max Snooze
0%
Move G-Max Steelsurge
0%
Move G-Max Stonesurge
0%
Move G-Max Stun Shock
0%
Move G-Max Sweetness
0%
Move G-Max Tartness
0%
Move G-Max Terror
0%
Move G-Max Vine Lash
0%
Move G-Max Volcalith
0%
Move G-Max Wildfire
0%
Move G-Max Wind Rage
0%
Pokémon Gogoat
0%
Pokémon Golett
0%
Pokémon Golisopod
0%
Pokémon Golurk
0%
Ability Good as Gold
0%
Pokémon Goodra
0%
Ability Gooey
0%
Pokémon Goomy
0%
Pokémon Gorebyss
0%
Ability Gorilla Tactics
0%
Pokémon Gossifleur
0%
Pokémon Gothita
0%
Pokémon Gothitelle
0%
Pokémon Gothorita
0%
Pokémon Gouging Fire
0%
Pokémon Gourgeist
0%
Pokémon Grafaiai
0%
Pokémon Granbull
0%
Pokémon Grapploct
0%
Move Grass Knot
0%
Ability Grass Pelt
0%
Move Grass Whistle
0%
Ability Grassy Surge
0%
Move Grassy Terrain
0%
Move Grav Apple
0%
Move Gravity
0%
Pokémon Greavard
0%
Pokémon Greedent
0%
Pokémon Grimmsnarl
0%
Ability Grim Neigh
0%
Pokémon Grookey
0%
Pokémon Grotle
0%
Pokémon Grovyle
0%
Move Growth
0%
Pokémon Grubbin
0%
Move Grudge
0%
Pokémon Grumpig
0%
Ability Guard Dog
0%
Move Guardian of Alola
0%
Move Guard Split
0%
Move Guard Swap
0%
Pokémon Gulpin
0%
Ability Gulp Missile
0%
Pokémon Gumshoos
0%
Move Gunk Shot
0%
Pokémon Gurdurr
0%
Ability Guts
0%
Move Gyro Ball
0%
Ability Hadron Engine
0%
Pokémon Hakamo-o
0%
Move Hammer Arm
0%
Pokémon Happiny
0%
Move Happy Hour
0%
Move Harden
0%
Move Hard Press
0%
Pokémon Hariyama
0%
Ability Harvest
0%
Pokémon Hatenna
0%
Pokémon Hatterene
0%
Pokémon Hattrem
0%
Pokémon Haxorus
0%
Move Headlong Rush
0%
Move Head Smash
0%
Move Heal Bell
0%
Move Heal Block
0%
Ability Healer
0%
Move Healing Wish
0%
Move Heal Order
0%
Move Heal Pulse
0%
Pokémon Heatmor
0%
Ability Heatproof
0%
Pokémon Heatran
0%
Ability Heavy Metal
0%
Pokémon Heliolisk
0%
Pokémon Helioptile
0%
Move Helping Hand
0%
Pokémon Heracross
0%
Pokémon Herdier
0%
Move Hex
0%
Move High Jump Kick
0%
Pokémon Hippopotas
0%
Pokémon Hippowdon
0%
Move Hold Back
0%
Move Hone Claws
0%
Ability Honey Gather
0%
Pokémon Hoothoot
0%
Pokémon Hoppip
0%
Move Horn Leech
0%
Ability Hospitality
0%
Pokémon Houndstone
0%
Move Howl
0%
Ability Huge Power
0%
Ability Hunger Switch
0%
Pokémon Huntail
0%
Move Hurricane
0%
Ability Hustle
0%
Pokémon Hydrapple
0%
Ability Hydration
0%
Move Hydro Cannon
0%
Move Hydro Pump
0%
Move Hydro Steam
0%
Move Hydro Vortex
0%
Ability Hyper Cutter
0%
Move Hyper Drill
0%
Move Hyperspace Fury
0%
Move Hyperspace Hole
0%
Pokémon Hypno
0%
Move Hypnosis
0%
Move Ice Ball
0%
Ability Ice Body
0%
Ability Ice Face
0%
Move Ice Hammer
0%
Move Ice Punch
0%
Ability Ice Scales
0%
Move Ice Shard
0%
Move Icicle Crash
0%
Move Icicle Spear
0%
Move Icy Wind
0%
Ability Illuminate
0%
Pokémon Illumise
0%
Ability Illusion
0%
Ability Immunity
0%
Pokémon Impidimp
0%
Ability Imposter
0%
Move Imprison
0%
Pokémon Indeedee
0%
Move Infernal Parade
0%
Pokémon Infernape
0%
Move Infestation
0%
Ability Infiltrator
0%
Move Ingrain
0%
Ability Innards Out
0%
Ability Inner Focus
0%
Ability Insomnia
0%
Pokémon Inteleon
0%
Ability Intimidate
0%
Ability Intrepid Sword
0%
Move Ion Deluge
0%
Ability Iron Barbs
0%
Pokémon Iron Boulder
0%
Pokémon Iron Bundle
0%
Pokémon Iron Crown
0%
Ability Iron Fist
0%
Pokémon Iron Hands
0%
Pokémon Iron Jugulis
0%
Pokémon Iron Leaves
0%
Pokémon Iron Moth
0%
Pokémon Iron Thorns
0%
Pokémon Iron Valiant
0%
Move Ivy Cudgel
0%
Pokémon Jangmo-o
0%
Move Jaw Lock
0%
Pokémon Jellicent
0%
Move Jet Punch
0%
Pokémon Jirachi
0%
Pokémon Joltik
0%
Move Jump Kick
0%
Pokémon Jumpluff
0%
Move Jungle Healing
0%
Ability Justified
0%
Pokémon Jynx
0%
Move Karate Chop
0%
Pokémon Kecleon
0%
Ability Keen Eye
0%
Pokémon Keldeo
0%
Pokémon Kilowattrel
0%
Move Kinesis
0%
Pokémon Kingambit
0%
Pokémon Kingler
0%
Move King's Shield
0%
Pokémon Kirlia
0%
Pokémon Klang
0%
Pokémon Klawf
0%
Pokémon Kleavor
0%
Pokémon Klink
0%
Pokémon Klinklang
0%
Ability Klutz
0%
Move Knock Off
0%
Pokémon Komala
0%
Pokémon Kommo-o
0%
Pokémon Koraidon
0%
Move Kowtow Cleave
0%
Pokémon Krabby
0%
Pokémon Kricketot
0%
Pokémon Kricketune
0%
Pokémon Krokorok
0%
Pokémon Krookodile
0%
Pokémon Kubfu
0%
Pokémon Lampent
0%
Pokémon Landorus
0%
Move Land's Wrath
0%
Pokémon Lanturn
0%
Pokémon Larvitar
0%
Move Laser Focus
0%
Move Lash Out
0%
Move Last Resort
0%
Move Last Respects
0%
Move Lava Plume
0%
Move Leaf Blade
0%
Ability Leaf Guard
0%
Pokémon Lechonk
0%
Pokémon Ledian
0%
Pokémon Ledyba
0%
Move Let's Snuggle Forever
0%
Ability Libero
0%
Pokémon Lickilicky
0%
Pokémon Lickitung
0%
Pokémon Liepard
0%
Move Life Dew
0%
Ability Light Metal
0%
Ability Lightning Rod
0%
Move Light of Ruin
0%
Move Light Screen
0%
Move Light That Burns the Sky
0%
Pokémon Lileep
0%
Pokémon Lillipup
0%
Ability Limber
0%
Ability Lingering Aroma
0%
Move Liquidation
0%
Ability Liquid Ooze
0%
Ability Liquid Voice
0%
Pokémon Litleo
0%
Pokémon Litwick
0%
Move Lock-On
0%
Pokémon Lokix
0%
Ability Long Reach
0%
Pokémon Loudred
0%
Move Lovely Kiss
0%
Move Low Kick
0%
Move Low Sweep
0%
Move Lucky Chant
0%
Move Lumina Crash
0%
Pokémon Lumineon
0%
Move Lunar Blessing
0%
Move Lunar Dance
0%
Move Lunge
0%
Pokémon Lurantis
0%
Move Luster Purge
0%
Pokémon Luvdisc
0%
Pokémon Luxio
0%
Pokémon Luxray
0%
Pokémon Mabosstiff
0%
Pokémon Machamp
0%
Pokémon Machoke
0%
Pokémon Machop
0%
Pokémon Magby
0%
Move Magical Leaf
0%
Move Magical Torque
0%
Ability Magic Bounce
0%
Move Magic Coat
0%
Ability Magic Guard
0%
Ability Magician
0%
Move Magic Powder
0%
Move Magic Room
0%
Ability Magma Armor
0%
Pokémon Magmar
0%
Move Magma Storm
0%
Pokémon Magmortar
0%
Move Magnet Bomb
0%
Move Magnetic Flux
0%
Ability Magnet Pull
0%
Move Magnet Rise
0%
Move Magnitude
0%
Move Make It Rain
0%
Pokémon Makuhita
0%
Move Malicious Moonsault
0%
Move Malignant Chain
0%
Pokémon Mamoswine
0%
Pokémon Manaphy
0%
Pokémon Mandibuzz
0%
Pokémon Manectric
0%
Pokémon Mantine
0%
Pokémon Mantyke
0%
Pokémon Mareanie
0%
Pokémon Mareep
0%
Pokémon Marill
0%
Pokémon Marowak
0%
Pokémon Marshadow
0%
Pokémon Marshtomp
0%
Ability Marvel Scale
0%
Pokémon Maschiff
0%
Pokémon Masquerain
0%
Move Mat Block
0%
Move Matcha Gotcha
0%
Pokémon Maushold
0%
Move Max Airstream
0%
Move Max Darkness
0%
Move Max Flutterby
0%
Move Max Geyser
0%
Move Max Guard
0%
Move Max Hailstorm
0%
Move Max Knuckle
0%
Move Max Lightning
0%
Move Max Mindstorm
0%
Move Max Ooze
0%
Move Max Overgrowth
0%
Move Max Phantasm
0%
Move Max Quake
0%
Move Max Rockfall
0%
Move Max Starfall
0%
Move Max Steelspike
0%
Move Max Strike
0%
Move Max Wyrmwind
0%
Move Mean Look
0%
Pokémon Medicham
0%
Move Meditate
0%
Pokémon Meditite
0%
Move Megahorn
0%
Ability Mega Launcher
0%
Pokémon Melmetal
0%
Pokémon Meloetta
0%
Pokémon Meltan
0%
Move Memento
0%
Move Menacing Moonraze Maelstrom
0%
Pokémon Meowscarada
0%
Ability Merciless
0%
Pokémon Mesprit
0%
Pokémon Metagross
0%
Move Metal Burst
0%
Move Metal Claw
0%
Move Metal Sound
0%
Pokémon Metang
0%
Move Meteor Assault
0%
Move Meteor Beam
0%
Move Meteor Mash
0%
Move Metronome
0%
Pokémon Mienfoo
0%
Pokémon Mienshao
0%
Move Mighty Cleave
0%
Pokémon Mightyena
0%
Move Milk Drink
0%
Pokémon Milotic
0%
Pokémon Mime Jr.
0%
Ability Mimicry
0%
Pokémon Minccino
0%
Move Mind Blown
0%
Move Mind Reader
0%
Ability Mind's Eye
0%
Move Minimize
0%
Pokémon Minun
0%
Ability Minus
0%
Move Miracle Eye
0%
Pokémon Miraidon
0%
Ability Mirror Armor
0%
Move Mirror Coat
0%
Move Mirror Move
0%
Move Mirror Shot
0%
Move Mist Ball
0%
Move Misty Explosion
0%
Ability Misty Surge
0%
Move Misty Terrain
0%
Ability Mold Breaker
0%
Pokémon Monferno
0%
Ability Moody
0%
Move Moonblast
0%
Move Moongeist Beam
0%
Move Moonlight
0%
Pokémon Morelull
0%
Pokémon Morgrem
0%
Move Morning Sun
0%
Move Mortal Spin
0%
Pokémon Mothim
0%
Ability Motor Drive
0%
Move Mountain Gale
0%
Ability Moxie
0%
Pokémon Mr. Mime
0%
Pokémon Mr. Rime
0%
Move Mud Bomb
0%
Move Muddy Water
0%
Pokémon Mudkip
0%
Move Mud Shot
0%
Move Mud-Slap
0%
Move Mud Sport
0%
Move Multi-Attack
0%
Ability Multiscale
0%
Ability Multitype
0%
Pokémon Munchlax
0%
Pokémon Munkidori
0%
Pokémon Munna
0%
Pokémon Musharna
0%
Ability Mycelium Might
0%
Move Mystical Fire
0%
Move Mystical Power
0%
Pokémon Nacli
0%
Pokémon Naclstack
0%
Pokémon Naganadel
0%
Move Nasty Plot
0%
Pokémon Natu
0%
Ability Natural Cure
0%
Move Natural Gift
0%
Move Nature Power
0%
Move Nature's Madness
0%
Pokémon Necrozma
0%
Move Needle Arm
0%
Ability Neuroforce
0%
Ability Neutralizing Gas
0%
Move Never-Ending Nightmare
0%
Pokémon Nickit
0%
Move Night Daze
0%
Move Nightmare
0%
Move Night Shade
0%
Pokémon Nincada
0%
Pokémon Ninjask
0%
Pokémon Noctowl
0%
Pokémon Noibat
0%
Pokémon Noivern
0%
Move No Retreat
0%
Ability Normalize
0%
Pokémon Nosepass
0%
Move Noxious Torque
0%
Pokémon Numel
0%
Pokémon Nymble
0%
Move Oblivion Wing
0%
Ability Oblivious
0%
Move Obstruct
0%
Move Oceanic Operetta
0%
Move Octazooka
0%
Pokémon Octillery
0%
Move Octolock
0%
Pokémon Ogerpon
0%
Pokémon Oinkologne
0%
Pokémon Okidogi
0%
Move Ominous Wind
0%
Pokémon Onix
0%
Ability Opportunist
0%
Pokémon Orbeetle
0%
Move Order Up
0%
Ability Orichalcum Pulse
0%
Pokémon Oricorio
0%
Move Origin Pulse
0%
Pokémon Orthworm
0%
Pokémon Oshawott
0%
Move Outrage
0%
Ability Overcoat
0%
Move Overheat
0%
Pokémon Overqwil
0%
Ability Own Tempo
0%
Move Pain Split
0%
Pokémon Palafin
0%
Pokémon Palossand
0%
Pokémon Palpitoad
0%
Pokémon Pancham
0%
Pokémon Pangoro
0%
Move Parabolic Charge
0%
Ability Parental Bond
0%
Move Parting Shot
0%
Ability Pastel Veil
0%
Pokémon Patrat
0%
Pokémon Pawmi
0%
Pokémon Pawmo
0%
Pokémon Pawmot
0%
Pokémon Pawniard
0%
Move Payback
0%
Move Pay Day
0%
Pokémon Pecharunt
0%
Move Peck
0%
Pokémon Pelipper
0%
Ability Perish Body
0%
Pokémon Perrserker
0%
Move Petal Blizzard
0%
Move Petal Dance
0%
Move Phantom Force
0%
Pokémon Phantump
0%
Pokémon Phione
0%
Move Photon Geyser
0%
Ability Pickpocket
0%
Ability Pickup
0%
Pokémon Pidove
0%
Pokémon Pignite
0%
Move Pika Papow
0%
Pokémon Pikipek
0%
Pokémon Piloswine
0%
Pokémon Pincurchin
0%
Pokémon Pineco
0%
Move Pin Missile
0%
Pokémon Pinsir
0%
Pokémon Piplup
0%
Ability Pixilate
0%
Move Plasma Fists
0%
Move Play Nice
0%
Move Play Rough
0%
Move Pluck
0%
Ability Plus
0%
Pokémon Plusle
0%
Pokémon Poipole
0%
Move Poison Fang
0%
Move Poison Gas
0%
Ability Poison Heal
0%
Move Poison Jab
0%
Ability Poison Point
0%
Ability Poison Puppeteer
0%
Move Poison Tail
0%
Ability Poison Touch
0%
Move Pollen Puff
0%
Pokémon Poltchageist
0%
Pokémon Polteageist
0%
Move Poltergeist
0%
Pokémon Poochyena
0%
Move Population Bomb
0%
Pokémon Porygon
0%
Pokémon Porygon2
0%
Pokémon Porygon-Z
0%
Move Pounce
0%
Move Pound
0%
Move Powder Snow
0%
Ability Power Construct
0%
Move Power Shift
0%
Move Power Split
0%
Ability Power Spot
0%
Move Power Swap
0%
Move Power Trick
0%
Move Power Trip
0%
Move Power-up Punch
0%
Move Power Whip
0%
Ability Prankster
0%
Move Precipice Blades
0%
Move Present
0%
Ability Primordial Sea
0%
Pokémon Prinplup
0%
Ability Prism Armor
0%
Move Prismatic Laser
0%
Pokémon Probopass
0%
Ability Propeller Tail
0%
Ability Protean
0%
Ability Protosynthesis
0%
Move Psybeam
0%
Move Psyblade
0%
Move Psychic Fangs
0%
Move Psychic Noise
0%
Ability Psychic Surge
0%
Move Psychic Terrain
0%
Move Psycho Boost
0%
Move Psycho Cut
0%
Move Psycho Shift
0%
Move Psych Up
0%
Move Psyshield Bash
0%
Move Psyshock
0%
Move Psystrike
0%
Move Psywave
0%
Move Pulverizing Pancake
0%
Pokémon Pumpkaboo
0%
Move Punishment
0%
Ability Punk Rock
0%
Pokémon Pupitar
0%
Ability Pure Power
0%
Move Purify
0%
Ability Purifying Salt
0%
Pokémon Purrloin
0%
Move Pursuit
0%
Pokémon Purugly
0%
Pokémon Pyroar
0%
Move Pyro Ball
0%
Pokémon Pyukumuku
0%
Pokémon Quagsire
0%
Pokémon Quaquaval
0%
Ability Quark Drive
0%
Move Quash
0%
Pokémon Quaxly
0%
Pokémon Quaxwell
0%
Ability Queenly Majesty
0%
Move Quick Attack
0%
Ability Quick Feet
0%
Move Quick Guard
0%
Pokémon Quilava
0%
Pokémon Qwilfish
0%
Pokémon Raboot
0%
Pokémon Rabsca
0%
Move Raging Fury
0%
Ability Rain Dish
0%
Pokémon Ralts
0%
Pokémon Rampardos
0%
Ability Rattled
0%
Ability Reckless
0%
Move Recover
0%
Move Recycle
0%
Move Reflect
0%
Move Reflect Type
0%
Move Refresh
0%
Ability Refrigerate
0%
Ability Regenerator
0%
Pokémon Regice
0%
Pokémon Regidrago
0%
Pokémon Regieleki
0%
Pokémon Regigigas
0%
Pokémon Regirock
0%
Pokémon Registeel
0%
Pokémon Relicanth
0%
Pokémon Rellor
0%
Pokémon Remoraid
0%
Move Rest
0%
Move Retaliate
0%
Move Return
0%
Pokémon Reuniclus
0%
Move Revelation Dance
0%
Move Revenge
0%
Move Reversal
0%
Move Revival Blessing
0%
Pokémon Rhydon
0%
Pokémon Rhyhorn
0%
Pokémon Rhyperior
0%
Pokémon Ribombee
0%
Pokémon Rillaboom
0%
Pokémon Riolu
0%
Ability Ripen
0%
Move Rising Voltage
0%
Ability Rivalry
0%
Ability RKS System
0%
Pokémon Roaring Moon
0%
Move Roar of Time
0%
Move Rock Blast
0%
Ability Rocky Payload
0%
Move Rolling Kick
0%
Move Rollout
0%
Pokémon Rolycoly
0%
Pokémon Rookidee
0%
Move Roost
0%
Pokémon Roselia
0%
Pokémon Roserade
0%
Pokémon Rotom
0%
Move Rototiller
0%
Ability Rough Skin
0%
Pokémon Rowlet
0%
Pokémon Rufflet
0%
Move Ruination
0%
Ability Run Away
0%
Pokémon Runerigus
0%
Move Sacred Fire
0%
Move Safeguard
0%
Pokémon Salamence
0%
Pokémon Salandit
0%
Pokémon Salazzle
0%
Move Salt Cure
0%
Pokémon Samurott
0%
Pokémon Sandaconda
0%
Move Sand Attack
0%
Ability Sand Force
0%
Pokémon Sandile
0%
Move Sandsear Storm
0%
Ability Sand Spit
0%
Ability Sand Stream
0%
Move Sand Tomb
0%
Pokémon Sandygast
0%
Pokémon Sandy Shocks
0%
Move Sappy Seed
0%
Ability Sap Sipper
0%
Move Savage Spin-Out
0%
Pokémon Sawk
0%
Pokémon Sawsbuck
0%
Move Scald
0%
Move Scale Shot
0%
Move Scary Face
0%
Pokémon Scatterbug
0%
Ability Schooling
0%
Pokémon Scolipede
0%
Pokémon Scorbunny
0%
Move Scorching Sands
0%
Pokémon Scovillain
0%
Pokémon Scrafty
0%
Pokémon Scraggy
0%
Ability Scrappy
0%
Pokémon Scream Tail
0%
Ability Screen Cleaner
0%
Pokémon Scyther
0%
Pokémon Sealeo
0%
Move Searing Shot
0%
Move Searing Sunraze Smash
0%
Move Seed Bomb
0%
Move Seed Flare
0%
Ability Seed Sower
0%
Pokémon Seel
0%
Move Seismic Toss
0%
Pokémon Seismitoad
0%
Move Self-Destruct
0%
Ability Serene Grace
0%
Pokémon Seviper
0%
Move Shadow Ball
0%
Move Shadow Bone
0%
Move Shadow Claw
0%
Move Shadow Force
0%
Move Shadow Punch
0%
Move Shadow Sneak
0%
Ability Shadow Tag
0%
Move Sharpen
0%
Ability Sharpness
0%
Move Shattered Psyche
0%
Pokémon Shaymin
0%
Pokémon Shedinja
0%
Ability Shed Skin
0%
Move Shed Tail
0%
Ability Sheer Force
0%
Pokémon Shelgon
0%
Ability Shell Armor
0%
Pokémon Shellder
0%
Pokémon Shellos
0%
Move Shell Trap
0%
Move Shelter
0%
Ability Shield Dust
0%
Move Shift Gear
0%
Pokémon Shiinotic
0%
Pokémon Shinx
0%
Move Shock Wave
0%
Move Shore Up
0%
Pokémon Shroodle
0%
Pokémon Shroomish
0%
Pokémon Shuckle
0%
Pokémon Shuppet
0%
Pokémon Sigilyph
0%
Move Signal Beam
0%
Pokémon Silcoon
0%
Pokémon Silicobra
0%
Move Silk Trap
0%
Pokémon Silvally
0%
Move Silver Wind
0%
Ability Simple
0%
Move Simple Beam
0%
Pokémon Sinistcha
0%
Pokémon Sinistea
0%
Move Sinister Arrow Raid
0%
Pokémon Sirfetch'd
0%
Pokémon Sizzlipede
0%
Move Sizzly Slide
0%
Pokémon Skeledirge
0%
Move Sketch
0%
Pokémon Skiddo
0%
Ability Skill Link
0%
Move Skill Swap
0%
Pokémon Skiploom
0%
Move Skitter Smack
0%
Pokémon Skitty
0%
Pokémon Skorupi
0%
Pokémon Skrelp
0%
Pokémon Skuntank
0%
Pokémon Skwovet
0%
Move Sky Attack
0%
Move Sky Drop
0%
Move Sky Uppercut
0%
Move Slack Off
0%
Pokémon Slaking
0%
Pokémon Slakoth
0%
Move Sleep Powder
0%
Move Sleep Talk
0%
Pokémon Sliggoo
0%
Pokémon Slither Wing
0%
Ability Slow Start
0%
Move Sludge
0%
Move Sludge Bomb
0%
Move Sludge Wave
0%
Ability Slush Rush
0%
Move Smack Down
0%
Pokémon Smeargle
0%
Move Smelling Salts
0%
Move Smokescreen
0%
Pokémon Smoliv
0%
Pokémon Smoochum
0%
Move Snap Trap
0%
Move Snatch
0%
Pokémon Sneasel
0%
Pokémon Sneasler
0%
Ability Sniper
0%
Move Snipe Shot
0%
Pokémon Snom
0%
Move Snore
0%
Pokémon Snorlax
0%
Pokémon Snorunt
0%
Ability Snow Warning
0%
Pokémon Snubbull
0%
Move Soak
0%
Pokémon Sobble
0%
Move Soft-Boiled
0%
Move Solar Blade
0%
Ability Solar Power
0%
Ability Solid Rock
0%
Pokémon Solosis
0%
Move Sonic Boom
0%
Ability Soul-Heart
0%
Move Soul-Stealing 7-Star Strike
0%
Move Spacial Rend
0%
Move Spark
0%
Move Sparkling Aria
0%
Move Sparkly Swirl
0%
Move Spectral Thief
0%
Pokémon Spectrier
0%
Ability Speed Boost
0%
Move Speed Swap
0%
Pokémon Spewpa
0%
Pokémon Spheal
0%
Move Spicy Extract
0%
Move Spider Web
0%
Pokémon Spidops
0%
Move Spike Cannon
0%
Move Spikes
0%
Pokémon Spinarak
0%
Pokémon Spinda
0%
Move Spin Out
0%
Move Spirit Break
0%
Move Spirit Shackle
0%
Move Spite
0%
Move Spit Up
0%
Move Splintered Stormshards
0%
Move Splishy Splash
0%
Pokémon Spoink
0%
Move Spotlight
0%
Pokémon Sprigatito
0%
Move Springtide Storm
0%
Pokémon Squawkabilly
0%
Pokémon Stakataka
0%
Ability Stakeout
0%
Ability Stall
0%
Ability Stalwart
0%
Ability Stamina
0%
Ability Stance Change
0%
Pokémon Stantler
0%
Pokémon Staraptor
0%
Pokémon Staravia
0%
Pokémon Starly
0%
Pokémon Starmie
0%
Pokémon Staryu
0%
Ability Static
0%
Ability Steadfast
0%
Move Stealth Rock
0%
Ability Steam Engine
0%
Move Steam Eruption
0%
Move Steamroller
0%
Move Steel Beam
0%
Move Steel Roller
0%
Move Steel Wing
0%
Ability Steelworker
0%
Ability Steely Spirit
0%
Pokémon Steenee
0%
Ability Sticky Hold
0%
Move Sticky Web
0%
Move Stockpile
0%
Move Stoked Sparksurfer
0%
Move Stomping Tantrum
0%
Move Stone Axe
0%
Pokémon Stonjourner
0%
Move Stored Power
0%
Ability Storm Drain
0%
Move Storm Throw
0%
Pokémon Stoutland
0%
Move Strange Steam
0%
Move Strength Sap
0%
Ability Strong Jaw
0%
Move Struggle
0%
Move Struggle Bug
0%
Move Stuff Cheeks
0%
Pokémon Stufful
0%
Pokémon Stunfisk
0%
Pokémon Stunky
0%
Move Submission
0%
Move Substitute
0%
Move Subzero Slammer
0%
Move Sucker Punch
0%
Ability Suction Cups
0%
Pokémon Sudowoodo
0%
Pokémon Sunflora
0%
Pokémon Sunkern
0%
Move Sunsteel Strike
0%
Move Supercell Slam
0%
Ability Super Luck
0%
Move Supersonic
0%
Move Supersonic Skystrike
0%
Ability Supersweet Syrup
0%
Ability Supreme Overlord
0%
Ability Surge Surfer
0%
Move Surging Strikes
0%
Pokémon Surskit
0%
Pokémon Swablu
0%
Move Swagger
0%
Move Swallow
0%
Pokémon Swalot
0%
Pokémon Swanna
0%
Move Sweet Kiss
0%
Move Sweet Scent
0%
Ability Sweet Veil
0%
Pokémon Swellow
0%
Ability Swift Swim
0%
Pokémon Swinub
0%
Move Switcheroo
0%
Pokémon Swoobat
0%
Ability Sword of Ruin
0%
Ability Symbiosis
0%
Ability Synchronize
0%
Move Synchronoise
0%
Move Synthesis
0%
Move Syrup Bomb
0%
Ability Tablets of Ruin
0%
Move Tachyon Cutter
0%
Pokémon Tadbulb
0%
Move Tail Glow
0%
Pokémon Taillow
0%
Move Tail Slap
0%
Move Tail Whip
0%
Move Tailwind
0%
Move Take Down
0%
Move Take Heart
0%
Pokémon Tandemaus
0%
Pokémon Tangela
0%
Ability Tangled Feet
0%
Ability Tangling Hair
0%
Pokémon Tangrowth
0%
Pokémon Tapu Bulu
0%
Pokémon Tapu Fini
0%
Pokémon Tapu Koko
0%
Pokémon Tapu Lele
0%
Pokémon Tarountula
0%
Move Tar Shot
0%
Pokémon Tatsugiri
0%
Move Taunt
0%
Move Tearful Look
0%
Move Teatime
0%
Ability Technician
0%
Move Techno Blast
0%
Move Tectonic Rage
0%
Pokémon Teddiursa
0%
Move Teeter Dance
0%
Move Telekinesis
0%
Ability Telepathy
0%
Move Teleport
0%
Move Temper Flare
0%
Pokémon Tentacool
0%
Pokémon Tentacruel
0%
Pokémon Tepig
0%
Pokémon Terapagos
0%
Ability Tera Shell
0%
Ability Tera Shift
0%
Pokémon Terrakion
0%
Ability Thermal Exchange
0%
Ability Thick Fat
0%
Pokémon Thievul
0%
Move Thousand Arrows
0%
Move Thousand Waves
0%
Move Thrash
0%
Move Throat Chop
0%
Pokémon Throh
0%
Move Thunderous Kick
0%
Move Thunder Punch
0%
Pokémon Thundurus
0%
Pokémon Thwackey
0%
Move Tickle
0%
Move Tidy Up
0%
Pokémon Timburr
0%
Pokémon Ting-Lu
0%
Pokémon Tinkatink
0%
Pokémon Tinkaton
0%
Pokémon Tinkatuff
0%
Ability Tinted Lens
0%
Pokémon Toedscool
0%
Pokémon Toedscruel
0%
Pokémon Togekiss
0%
Pokémon Togepi
0%
Pokémon Togetic
0%
Move Topsy-Turvy
0%
Pokémon Torchic
0%
Pokémon Torkoal
0%
Move Torment
0%
Pokémon Tornadus
0%
Pokémon Torterra
0%
Pokémon Totodile
0%
Pokémon Toucannon
0%
Ability Tough Claws
0%
Pokémon Toxapex
0%
Pokémon Toxel
0%
Ability Toxic Boost
0%
Ability Toxic Chain
0%
Ability Toxic Debris
0%
Pokémon Toxicroak
0%
Move Toxic Spikes
0%
Pokémon Toxtricity
0%
Ability Trace
0%
Move Trailblaze
0%
Pokémon Tranquil
0%
Move Transform
0%
Ability Transistor
0%
Pokémon Trapinch
0%
Pokémon Treecko
0%
Pokémon Trevenant
0%
Ability Triage
0%
Move Tri Attack
0%
Move Trick Room
0%
Move Triple Arrows
0%
Move Triple Axel
0%
Move Triple Dive
0%
Move Triple Kick
0%
Pokémon Tropius
0%
Move Trop Kick
0%
Ability Truant
0%
Pokémon Trumbeak
0%
Move Trump Card
0%
Pokémon Tsareena
0%
Pokémon Turtonator
0%
Pokémon Turtwig
0%
Move Twin Beam
0%
Move Twineedle
0%
Move Twinkle Tackle
0%
Move Twister
0%
Pokémon Tympole
0%
Pokémon Tynamo
0%
Pokémon Type: Null
0%
Pokémon Typhlosion
0%
Ability Unaware
0%
Ability Unburden
0%
Pokémon Unfezant
0%
Ability Unnerve
0%
Pokémon Unown
0%
Ability Unseen Fist
0%
Move Upper Hand
0%
Move Uproar
0%
Pokémon Ursaluna
0%
Pokémon Ursaring
0%
Pokémon Urshifu
0%
Move U-turn
0%
Pokémon Uxie
0%
Pokémon Vanillish
0%
Pokémon Vanillite
0%
Pokémon Vanilluxe
0%
Move V-create
0%
Move Veevee Volley
0%
Pokémon Veluza
0%
Pokémon Venipede
0%
Move Venom Drench
0%
Move Venoshock
0%
Pokémon Vespiquen
0%
Ability Vessel of Ruin
0%
Pokémon Vibrava
0%
Pokémon Victini
0%
Move Victory Dance
0%
Ability Victory Star
0%
Pokémon Vigoroth
0%
Pokémon Vikavolt
0%
Pokémon Virizion
0%
Move Vise Grip
0%
Ability Vital Spirit
0%
Move Vital Throw
0%
Pokémon Vivillon
0%
Pokémon Volbeat
0%
Ability Volt Absorb
0%
Move Volt Switch
0%
Move Volt Tackle
0%
Pokémon Vullaby
0%
Pokémon Wailmer
0%
Pokémon Wailord
0%
Move Wake-up Slap
0%
Pokémon Walrein
0%
Ability Wandering Spirit
0%
Pokémon Watchog
0%
Ability Water Absorb
0%
Ability Water Bubble
0%
Ability Water Compaction
0%
Move Waterfall
0%
Move Water Pulse
0%
Move Water Shuriken
0%
Move Water Sport
0%
Move Water Spout
0%
Ability Water Veil
0%
Pokémon Wattrel
0%
Move Wave Crash
0%
Ability Weak Armor
0%
Pokémon Weavile
0%
Pokémon Whirlipede
0%
Move Whirlpool
0%
Move Whirlwind
0%
Pokémon Whiscash
0%
Pokémon Whismur
0%
Ability White Smoke
0%
Move Wicked Blow
0%
Move Wicked Torque
0%
Move Wide Guard
0%
Pokémon Wiglett
0%
Move Wildbolt Storm
0%
Move Wild Charge
0%
Pokémon Wimpod
0%
Ability Wimp Out
0%
Ability Wind Power
0%
Ability Wind Rider
0%
Move Wing Attack
0%
Pokémon Wingull
0%
Move Wish
0%
Pokémon Wishiwashi
0%
Move Withdraw
0%
Pokémon Wobbuffet
0%
Pokémon Wo-Chien
0%
Move Wonder Room
0%
Ability Wonder Skin
0%
Pokémon Woobat
0%
Move Wood Hammer
0%
Pokémon Wooloo
0%
Pokémon Wooper
0%
Move Work Up
0%
Pokémon Wormadam
0%
Move Wrap
0%
Move Wring Out
0%
Pokémon Wugtrio
0%
Pokémon Wurmple
0%
Pokémon Wynaut
0%
Pokémon Wyrdeer
0%
Pokémon Xatu
0%
Move X-Scissor
0%
Pokémon Xurkitree
0%
Pokémon Yamask
0%
Pokémon Yamper
0%
Pokémon Yanma
0%
Pokémon Yanmega
0%
Move Yawn
0%
Pokémon Yungoos
0%
Pokémon Zangoose
0%
Move Zap Cannon
0%
Pokémon Zarude
0%
Move Zen Headbutt
0%
Ability Zen Mode
0%
Ability Zero to Hero
0%
Move Zing Zap
0%
Move Zippy Zap
0%
Pokémon Zoroark
0%
Pokémon Zorua
0%
No matching quizzes found
Score Distribution
Percent of People with Each Score
Percentile by Number Answered
Your Score History
You have not taken this quiz